<?xml version="1.0" encoding="UTF-8"?>
<record
    xmlns:xsi="http://www.w3.org/2001/XMLSchema-instance"
    xsi:schemaLocation="http://www.loc.gov/MARC21/slim http://www.loc.gov/standards/marcxml/schema/MARC21slim.xsd"
    xmlns="http://www.loc.gov/MARC21/slim">

  <leader>02065nam a22002537a 4500</leader>
  <controlfield tag="005">20221028150428.0</controlfield>
  <controlfield tag="008">221027b           ||||| |||| 00| 0 eng d</controlfield>
  <datafield tag="020" ind1=" " ind2=" ">
    <subfield code="a">9789354421051</subfield>
  </datafield>
  <datafield tag="040" ind1=" " ind2=" ">
    <subfield code="c">AL</subfield>
  </datafield>
  <datafield tag="041" ind1=" " ind2=" ">
    <subfield code="a">eng</subfield>
  </datafield>
  <datafield tag="082" ind1=" " ind2=" ">
    <subfield code="2">23</subfield>
    <subfield code="a">791.43</subfield>
    <subfield code="b">076152</subfield>
  </datafield>
  <datafield tag="100" ind1=" " ind2=" ">
    <subfield code="a">Lalitha Gopalan</subfield>
    <subfield code="9">60443</subfield>
  </datafield>
  <datafield tag="245" ind1=" " ind2=" ">
    <subfield code="a">Cinemas dark and slow in digital India</subfield>
  </datafield>
  <datafield tag="260" ind1=" " ind2=" ">
    <subfield code="a">Hyderabad</subfield>
    <subfield code="b">Orient Blackswan</subfield>
    <subfield code="c">2021</subfield>
  </datafield>
  <datafield tag="300" ind1=" " ind2=" ">
    <subfield code="a">xvi,464p.</subfield>
    <subfield code="b">PB</subfield>
    <subfield code="c">21x14cm.</subfield>
  </datafield>
  <datafield tag="365" ind1=" " ind2=" ">
    <subfield code="2">Journalism</subfield>
    <subfield code="a">4940</subfield>
    <subfield code="b">920.00</subfield>
    <subfield code="c">&#x20B9;</subfield>
    <subfield code="d">1150.00</subfield>
    <subfield code="e">20%</subfield>
    <subfield code="f">17-10-2022</subfield>
  </datafield>
  <datafield tag="520" ind1=" " ind2=" ">
    <subfield code="a">Cinemas Dark and Slow in Digital India provides a sustained engagement with contemporary Indian feature films from outside the mainstream, including Aaranaya Kaandam, I.D., Kaul, Chauthi Koot, Cosmic Sex, and Gaali Beeja, to expand the scope of film studies that have focused so far on the dominance of Bollywood. Gopalan assembles films from Bangalore, Chennai, Delhi, Kolkata, and Trivandrum, in addition to independent productions in Bombay cinema, as a way of privileging less studied works that deserve critical attention. Through close readings of films and a deep investigation of film style, this book draws attention to the advent of digital technologies while remaining fully cognizant of &#x2018;the digital&#x2019; and considering the change in the global circulation of film and finance. This dual focus on the techno-material conditions of Indian cinema and the film narrative a complete picture of changing narratives and shifting genres and styles. Written with a cinephile&#x2019;s enthusiasm for world cinema, the book addresses scholars of cinema studies, media studies, and readers who are curious about the shape that media and mediums are taking in current times.</subfield>
  </datafield>
  <datafield tag="521" ind1=" " ind2=" ">
    <subfield code="a">Part I
1. Opening 2. Minding the Gap 3. Slowing Down
Part II
4. Bombay Noir  5. Tamil New Wave  6. Road Movie 7. Untitled: Amitabh Chakraborty&#x2019;s Cinema  8. Time Out
Bibliography
Index</subfield>
  </datafield>
  <datafield tag="650" ind1=" " ind2=" ">
    <subfield code="a">Bombay Noir</subfield>
    <subfield code="9">60268</subfield>
  </datafield>
  <datafield tag="650" ind1=" " ind2=" ">
    <subfield code="a">Tamil New Wave</subfield>
    <subfield code="9">60269</subfield>
  </datafield>
  <datafield tag="650" ind1=" " ind2=" ">
    <subfield code="a">Road Movie</subfield>
    <subfield code="9">60270</subfield>
  </datafield>
  <datafield tag="700" ind1=" " ind2=" ">
    <subfield code="a">GOPALAN (Lalitha)</subfield>
    <subfield code="9">60271</subfield>
  </datafield>
  <datafield tag="942" ind1=" " ind2=" ">
    <subfield code="2">ddc</subfield>
    <subfield code="c">BK</subfield>
  </datafield>
  <datafield tag="999" ind1=" " ind2=" ">
    <subfield code="c">224916</subfield>
    <subfield code="d">224916</subfield>
  </datafield>
  <datafield tag="952" ind1=" " ind2=" ">
    <subfield code="0">0</subfield>
    <subfield code="1">0</subfield>
    <subfield code="2">ddc</subfield>
    <subfield code="4">0</subfield>
    <subfield code="7">0</subfield>
    <subfield code="8">OTH</subfield>
    <subfield code="a">AL</subfield>
    <subfield code="b">AL</subfield>
    <subfield code="d">2022-10-21</subfield>
    <subfield code="e">Biblios Book Point, Surathkal, Mangalore575014</subfield>
    <subfield code="g">920.00</subfield>
    <subfield code="l">1</subfield>
    <subfield code="o">791.43 GOPC</subfield>
    <subfield code="p">076152</subfield>
    <subfield code="r">2024-09-10 00:00:00</subfield>
    <subfield code="s">2024-07-16</subfield>
    <subfield code="v">1150.00</subfield>
    <subfield code="w">2022-10-27</subfield>
    <subfield code="y">BK</subfield>
  </datafield>
</record>
